000 00324nam a22001337a 4500
008 180912b xxu||||| |||| 00| 0 eng d
020 _a9780534188047
041 _aeng
080 _a311
100 _a55
101 _aSTA
245 _aStatistical Principles of Research Design and Analysis
_cKuehl, R.O
942 _2udc
_cBK
999 _c47708
_d47708